| 000 | 00589nam a2200157 a 4500 | ||
|---|---|---|---|
| 008 | 120416s1987 ||||||||||||||||| || u | ||
| 020 | _a0442291507 | ||
| 050 | _aNA 2700 Wah | ||
| 100 | _aWahl, Michael Ivor, 1943- | ||
| 245 | 1 | 0 | _aDesign presentations for architects |
| 260 |
_aNew York _bVan Nostrand Reinhold _c1987 |
||
| 300 | _aviii, 134p. : ill. | ||
| 350 | _a0.00 | ||
| 650 | _aARCHITECTURE--DESIGNS AND PLANS--PRESENTATION DRAWINGS | ||
| 995 |
_D0.00 _FCBU-MAIN LIBRARY (Kitwe) _H1 _I15.50 _UDAMAGED _ZMain Library Open Access Collection |
||
| 999 |
_c39761 _d39761 |
||